| 000 | 00451nam a2200169Ia 4500 | ||
|---|---|---|---|
| 003 | IN-BaIIA | ||
| 008 | 211028s9999 xx 000 0 eng d | ||
| 020 | _a81-86852-76-X | ||
| 040 | _cIIA Library | ||
| 080 |
_aGEN _bHAW |
||
| 100 |
_aHawley, J _927275 |
||
| 245 | 4 |
_aThe Bhagavad gita _bA walkthrough for westerners _cJ. Hawley |
|
| 260 |
_aChennai _bEast-West Books _c2001 |
||
| 300 | _axxvi, 194p. | ||
| 650 |
_aBhagavad Gita _926771 |
||
| 942 | _cBK | ||
| 999 |
_c15026 _d15026 |
||